| 000 | 01067cam a2200277 4500 | ||
|---|---|---|---|
| 001 | J1431 | ||
| 008 | 090401t1993 xxu||||| |||| 00| 0 eng d | ||
| 035 | _a(Sirsi) u43435 | ||
| 041 | _aeng | ||
| 050 | _a692.5 | ||
| 110 |
_aUnited Kingdom _bDepartment of the Environment _9982 |
||
| 245 | _aQuarterly building price and cost indices 1993 - 1996 | ||
| 260 |
_aGarston, Watford _bBuilding Research Establishment _c1993 |
||
| 300 | _a1 vol. ; 30cm. | ||
| 350 | _a0 | ||
| 520 | _aPublic sector building works contracts quarterly building price & cost indices. Previously produced by the Property Services Agency. December 1993 no longer called Quantity Surveyors Information Notes see under new title Quarterly Building Price and Cost Indices. | ||
| 650 | _aBUILT ENVIRONMENT-BUILDING COSTS | ||
| 650 | _aINDICES | ||
| 650 | _aBUILT ENVIRONMENT-QUANTITY SURVEYING | ||
| 650 | _aQUANTITY SURVEYORS INFORMATION NOTES | ||
| 650 | _aSTATISTICS | ||
| 650 | _aTENDER PRICES | ||
| 690 | _aBUILT ENVIRONMENT-BUILDING COSTS | ||
| 942 | _n0 | ||
| 948 | _c04/03/1997 | ||
| 999 |
_c91323 _d91323 |
||